[Event "WCO 2016"]
[Site "?"]
[Date "2016.09.11"]
[Round "9"]
[Board "6"]
[WhiteID "921637"]
[White "Markus Robert"]
[BlackID "13900200"]
[Black "Iordachescu Viorel"]
[Result "1/2-1/2"]
[BlackElo "2584"]
[WhiteElo "2662"]
[LiveChessVersion "1.4.8"]

1. d4 {[%clk 1:30:54]} d5 {[%clk 1:30:27]} 2. c4 {[%clk 1:31:10]} e6
{[%clk 1:30:51]} 3. Nc3 {[%clk 1:29:10]} Be7 {[%clk 1:31:12]} 4. cxd5
{[%clk 1:29:25]} exd5 {[%clk 1:31:36]} 5. Bf4 {[%clk 1:29:45]} c6
{[%clk 1:31:20]} 6. Qc2 {[%clk 1:22:48]} Bd6 {[%clk 1:31:25]} 7. Bxd6
{[%clk 1:22:33]} Qxd6 {[%clk 1:31:50]} 8. e3 {[%clk 1:22:48]} Qg6
{[%clk 1:30:51]} 9. Qd2 {[%clk 1:15:57]} Ne7 {[%clk 1:26:07]} 10. Nge2
{[%clk 1:15:47]} Qd6 {[%clk 1:25:20]} 11. Ng3 {[%clk 1:14:40]} O-O
{[%clk 1:07:29]} 12. Bd3 {[%clk 1:14:38]} Nd7 {[%clk 1:06:54]} 13. O-O
{[%clk 1:13:00]} Nf6 {[%clk 0:58:57]} 14. f3 {[%clk 1:09:10]} Rd8
{[%clk 0:52:46]} 15. Rad1 {[%clk 1:07:21]} c5 {[%clk 0:48:53]} 16. dxc5
{[%clk 0:55:55]} Qxc5 {[%clk 0:49:06]} 17. Bc2 {[%clk 0:55:57]} Bd7
{[%clk 0:45:59]} 18. Rfe1 {[%clk 0:53:26]} Qb6 {[%clk 0:43:00]} 19. Nge2
{[%clk 0:50:59]} Be6 {[%clk 0:35:42]} 20. Nd4 {[%clk 0:47:38]} Nc6
{[%clk 0:34:26]} 21. Qf2 {[%clk 0:46:25]} Rac8 {[%clk 0:33:46]} 22. Bb3
{[%clk 0:38:53]} Na5 {[%clk 0:33:32]} 23. Re2 {[%clk 0:37:34]} Nxb3
{[%clk 0:29:49]} 24. Nxb3 {[%clk 0:37:32]} Re8 {[%clk 0:29:47]} 25. Qh4
{[%clk 0:25:25]} h6 {[%clk 0:24:09]} 26. Qd4 {[%clk 0:25:03]} Qa6
{[%clk 0:24:07]} 27. Nc5 {[%clk 0:21:29]} Qa5 {[%clk 0:21:10]} 28. Nb3
{[%clk 0:21:52]} Qa6 {[%clk 0:21:15]} 29. Qd2 {[%clk 0:22:15]} Re7
{[%clk 0:21:00]} 30. Nd4 {[%clk 0:20:30]} Bd7 {[%clk 0:20:21]} 31. Nc2
{[%clk 0:19:27]} Qb6 {[%clk 0:19:08]} 32. Qd4 {[%clk 0:19:02]} Qxd4
{[%clk 0:03:35]} 33. Rxd4 {[%clk 0:13:09]} Be6 {[%clk 0:03:49]} 34. Kf2
{[%clk 0:12:11]} a5 {[%clk 0:03:25]} 35. Ne1 {[%clk 0:11:16]} g5 {[%clk 0:03:17]}
36. Nd3 {[%clk 0:08:05]} Kg7 {[%clk 0:02:59]} 37. Rd2 {[%clk 0:07:51]} b6
{[%clk 0:02:45]} 38. Na4 {[%clk 0:05:22]} Rb7 {[%clk 0:02:49]} 39. Ke1
{[%clk 0:04:24]} b5 {[%clk 0:01:35]} 40. Nac5 {[%clk 0:33:30]} Rbc7
{[%clk 0:31:51]} 41. b4 {[%clk 0:24:08]} axb4 {[%clk 0:31:47]} 42. Nxe6+
{[%clk 0:19:40]} fxe6 {[%clk 0:32:11]} 43. Rxb4 {[%clk 0:20:07]} Ne8
{[%clk 0:22:51]} 44. Rxb5 {[%clk 0:18:46]} Nd6 {[%clk 0:23:13]} 45. Rb3
{[%clk 0:18:56]} Nc4 {[%clk 0:20:54]} 46. Re2 {[%clk 0:19:20]} Kf6
{[%clk 0:17:45]} 47. Kf2 {[%clk 0:17:13]} Ra7 {[%clk 0:17:43]} 48. Nb4
{[%clk 0:14:55]} Ne5 {[%clk 0:17:19]} 49. Rd2 {[%clk 0:09:23]} Rc1
{[%clk 0:16:56]} 50. Ke2 {[%clk 0:06:23]} Rg1 {[%clk 0:16:02]} 51. Kf2
{[%clk 0:06:49]} Rc1 {[%clk 0:16:28]} 52. Ke2 {[%clk 0:06:15]} Rg1
{[%clk 0:16:53]} 53. Kf2 {[%clk 0:06:41]} Rc1 {[%clk 0:17:18]} 1/2-1/2

[Event "WCO 2016"]
[Site "?"]
[Date "2016.09.11"]
[Round "9"]
[Board "7"]
[WhiteID "13900463"]
[White "Svetushkin Dmitry"]
[BlackID "911925"]
[Black "Indjic Aleksandar"]
[Result "1-0"]
[BlackElo "2548"]
[WhiteElo "2543"]
[LiveChessVersion "1.4.8"]

1. e4 {[%clk 1:30:51]} d6 {[%clk 1:28:19]} 2. d4 {[%clk 1:31:05]} Nf6
{[%clk 1:28:40]} 3. f3 {[%clk 1:30:39]} Nc6 {[%clk 1:26:15]} 4. Ne2
{[%clk 1:27:35]} e5 {[%clk 1:24:41]} 5. d5 {[%clk 1:25:41]} Ne7 {[%clk 1:25:05]}
6. h4 {[%clk 1:22:49]} h5 {[%clk 1:24:55]} 7. c4 {[%clk 1:23:03]} Ng6
{[%clk 1:25:14]} 8. Nbc3 {[%clk 1:22:06]} c6 {[%clk 1:25:21]} 9. Be3
{[%clk 1:17:43]} Bd7 {[%clk 1:25:43]} 10. Qd2 {[%clk 1:16:18]} Be7
{[%clk 1:25:15]} 11. g3 {[%clk 1:14:20]} cxd5 {[%clk 1:25:23]} 12. cxd5
{[%clk 1:14:46]} b5 {[%clk 1:25:16]} 13. a3 {[%clk 1:14:12]} O-O {[%clk 1:25:17]}
14. Nc1 {[%clk 1:11:14]} Qb8 {[%clk 1:25:38]} 15. Be2 {[%clk 1:10:57]} Bd8
{[%clk 1:20:59]} 16. O-O {[%clk 1:08:15]} Ne7 {[%clk 1:12:48]} 17. Kh2
{[%clk 1:01:45]} Nh7 {[%clk 1:04:30]} 18. Nd3 {[%clk 0:55:38]} f5
{[%clk 0:57:16]} 19. f4 {[%clk 0:54:19]} fxe4 {[%clk 0:41:15]} 20. Nxe4
{[%clk 0:53:10]} Bf5 {[%clk 0:34:30]} 21. Nc3 {[%clk 0:48:33]} e4
{[%clk 0:32:58]} 22. Nf2 {[%clk 0:47:13]} Nf6 {[%clk 0:32:32]} 23. Bxb5
{[%clk 0:47:04]} Bb6 {[%clk 0:32:03]} 24. Rae1 {[%clk 0:43:58]} Rc8
{[%clk 0:31:55]} 25. Bc6 {[%clk 0:36:55]} Rxc6 {[%clk 0:22:54]} 26. dxc6
{[%clk 0:36:30]} d5 {[%clk 0:23:19]} 27. Nfd1 {[%clk 0:26:40]} Bg4
{[%clk 0:19:27]} 28. f5 {[%clk 0:22:46]} Bxd1 {[%clk 0:12:16]} 29. Nxd1
{[%clk 0:21:46]} Nxc6 {[%clk 0:11:17]} 30. Bg5 {[%clk 0:13:22]} Ng4+
{[%clk 0:10:26]} 31. Kg2 {[%clk 0:13:38]} Qe5 {[%clk 0:10:41]} 32. f6
{[%clk 0:06:52]} gxf6 {[%clk 0:10:02]} 33. Bxf6 {[%clk 0:07:17]} Nxf6
{[%clk 0:09:11]} 34. Qh6 {[%clk 0:07:39]} Bd4 {[%clk 0:00:45]} 35. Qg6+
{[%clk 0:07:11]} Kh8 {[%clk 0:01:11]} 36. Rf5 {[%clk 0:06:36]} Qe7
{[%clk 0:01:04]} 37. Qh6+ {[%clk 0:05:53]} Nh7 {[%clk 0:01:25]} 38. Qxc6
{[%clk 0:05:06]} Rg8 {[%clk 0:01:50]} 39. Qxd5 {[%clk 0:04:27]} Qg7
{[%clk 0:01:27]} 40. Qd6 {[%clk 0:32:14]} e3 {[%clk 0:30:54]} 41. Nxe3
{[%clk 0:25:14]} Qb7+ {[%clk 0:30:55]} 42. Kh3 {[%clk 0:23:41]} Qe4
{[%clk 0:31:03]} 43. Rf4 {[%clk 0:17:04]} Be5 {[%clk 0:30:39]} 44. Rxe4
{[%clk 0:17:02]} Rxg3+ {[%clk 0:30:47]} 45. Kh2 {[%clk 0:17:30]} Bxd6
{[%clk 0:31:12]} 46. Nf5 {[%clk 0:17:48]} 1-0

[Event "WCO 2016"]
[Site "?"]
[Date "2016.09.11"]
[Round "9"]
[Board "8"]
[WhiteID "901504"]
[White "Markovic Miroslav"]
[BlackID "13902393"]
[Black "Hamitevici Vladimir"]
[Result "0-1"]
[BlackElo "2489"]
[WhiteElo "2459"]
[LiveChessVersion "1.4.8"]

1. Nf3 {[%clk 1:30:51]} d5 {[%clk 1:25:55]} 2. g3 {[%clk 1:30:43]} Bg4
{[%clk 1:24:26]} 3. Bg2 {[%clk 1:30:02]} c6 {[%clk 1:24:18]} 4. O-O
{[%clk 1:30:03]} e6 {[%clk 1:24:29]} 5. d3 {[%clk 1:30:19]} Nf6 {[%clk 1:24:37]}
6. Qe1 {[%clk 1:27:37]} Bc5 {[%clk 1:20:58]} 7. e4 {[%clk 1:26:11]} Nbd7
{[%clk 1:11:37]} 8. e5 {[%clk 1:20:26]} Ng8 {[%clk 1:11:51]} 9. c3
{[%clk 1:20:02]} Bb6 {[%clk 1:11:50]} 10. h3 {[%clk 1:16:46]} Bf5
{[%clk 1:10:06]} 11. Qe2 {[%clk 1:16:45]} h6 {[%clk 1:10:28]} 12. Na3
{[%clk 1:11:11]} a6 {[%clk 1:09:23]} 13. Nc2 {[%clk 1:10:35]} Ne7
{[%clk 1:05:22]} 14. Kh1 {[%clk 1:04:05]} Bh7 {[%clk 1:02:56]} 15. b4
{[%clk 0:58:12]} c5 {[%clk 1:00:57]} 16. a3 {[%clk 0:55:27]} Rc8 {[%clk 0:54:55]}
17. c4 {[%clk 0:54:17]} dxc4 {[%clk 0:50:23]} 18. dxc4 {[%clk 0:54:45]} Qc7
{[%clk 0:50:31]} 19. Ne3 {[%clk 0:43:27]} Nc6 {[%clk 0:45:42]} 20. Bb2
{[%clk 0:37:52]} cxb4 {[%clk 0:44:35]} 21. Nd5 {[%clk 0:37:36]} exd5
{[%clk 0:39:04]} 22. cxd5 {[%clk 0:36:58]} Nc5 {[%clk 0:37:33]} 23. Rfd1
{[%clk 0:31:54]} bxa3 {[%clk 0:35:12]} 24. Rxa3 {[%clk 0:31:29]} Ne4
{[%clk 0:31:19]} 25. Rc1 {[%clk 0:27:53]} Bxf2 {[%clk 0:27:26]} 26. Nd2
{[%clk 0:28:06]} Nxg3+ {[%clk 0:23:46]} 27. Rxg3 {[%clk 0:28:30]} Bxg3
{[%clk 0:24:11]} 28. Qg4 {[%clk 0:28:50]} O-O {[%clk 0:20:09]} 29. Qxg3
{[%clk 0:29:05]} Rcd8 {[%clk 0:15:01]} 30. Qc3 {[%clk 0:20:03]} Qa5
{[%clk 0:06:18]} 31. dxc6 {[%clk 0:20:22]} Qxc3 {[%clk 0:06:39]} 32. Bxc3
{[%clk 0:20:47]} bxc6 {[%clk 0:07:04]} 33. Ba5 {[%clk 0:21:07]} Rd3
{[%clk 0:06:34]} 34. Rxc6 {[%clk 0:20:19]} Bf5 {[%clk 0:06:37]} 35. Kh2
{[%clk 0:20:31]} Re8 {[%clk 0:05:09]} 36. Bf1 {[%clk 0:10:48]} Rd5
{[%clk 0:03:27]} 37. Bc3 {[%clk 0:10:41]} Rc8 {[%clk 0:03:21]} 38. Rxc8+
{[%clk 0:10:46]} Bxc8 {[%clk 0:03:46]} 39. Bc4 {[%clk 0:10:57]} Rc5
{[%clk 0:03:56]} 40. Bd4 {[%clk 0:40:21]} Ra5 {[%clk 0:33:49]} 41. Kg2
{[%clk 0:36:22]} Be6 {[%clk 0:31:06]} 42. Bxe6 {[%clk 0:36:11]} fxe6
{[%clk 0:31:29]} 43. Kf3 {[%clk 0:36:34]} Ra3+ {[%clk 0:31:13]} 44. Be3
{[%clk 0:37:03]} a5 {[%clk 0:30:45]} 45. Ke4 {[%clk 0:32:40]} a4 {[%clk 0:29:50]}
46. Kd4 {[%clk 0:30:01]} Ra1 {[%clk 0:30:07]} 47. Kc4 {[%clk 0:23:32]} Rh1
{[%clk 0:28:08]} 48. Bc5 {[%clk 0:21:15]} Rxh3 {[%clk 0:28:25]} 49. Nb1
{[%clk 0:21:44]} h5 {[%clk 0:27:38]} 50. Nc3 {[%clk 0:22:06]} Rh4+
{[%clk 0:26:35]} 51. Kd3 {[%clk 0:20:07]} Rg4 {[%clk 0:26:54]} 0-1

[Event "WCO 2016"]
[Site "?"]
[Date "2016.09.11"]
[Round "9"]
[Board "9"]
[WhiteID "623539"]
[White "Vachier-Lagrave Maxime"]
[BlackID "13502956"]
[Black "Zhigalko Sergei"]
[Result "1/2-1/2"]
[BlackElo "2652"]
[WhiteElo "2813"]
[LiveChessVersion "1.4.8"]

1. e4 {[%clk 1:29:13]} c5 {[%clk 1:30:55]} 2. Nf3 {[%clk 1:29:39]} Nc6
{[%clk 1:31:20]} 3. Nc3 {[%clk 1:30:06]} e5 {[%clk 1:31:07]} 4. Bc4
{[%clk 1:30:27]} d6 {[%clk 1:31:04]} 5. d3 {[%clk 1:30:53]} Be7 {[%clk 1:31:15]}
6. O-O {[%clk 1:31:18]} Nf6 {[%clk 1:30:22]} 7. Ng5 {[%clk 1:31:19]} O-O
{[%clk 1:30:18]} 8. f4 {[%clk 1:31:46]} h6 {[%clk 1:21:21]} 9. Nf3
{[%clk 1:30:50]} exf4 {[%clk 1:21:32]} 10. Bxf4 {[%clk 1:31:03]} Be6
{[%clk 1:21:50]} 11. Nd5 {[%clk 1:31:24]} a6 {[%clk 1:19:38]} 12. a3
{[%clk 1:24:44]} b5 {[%clk 1:19:03]} 13. Ba2 {[%clk 1:23:47]} Re8
{[%clk 1:18:27]} 14. c3 {[%clk 1:15:21]} Rc8 {[%clk 0:37:33]} 15. Bg3
{[%clk 1:10:18]} Ne5 {[%clk 0:30:48]} 16. Bxe5 {[%clk 0:50:14]} dxe5
{[%clk 0:29:44]} 17. Nxe5 {[%clk 0:49:33]} c4 {[%clk 0:17:16]} 18. Nxf6+
{[%clk 0:42:22]} Bxf6 {[%clk 0:17:26]} 19. Ng4 {[%clk 0:42:48]} Bxg4
{[%clk 0:14:46]} 20. Qxg4 {[%clk 0:43:12]} h5 {[%clk 0:10:00]} 21. Qf3
{[%clk 0:38:44]} Qxd3 {[%clk 0:09:47]} 22. Qxd3 {[%clk 0:39:10]} cxd3
{[%clk 0:10:14]} 23. Bd5 {[%clk 0:39:35]} Rc7 {[%clk 0:07:05]} 24. Rad1
{[%clk 0:38:24]} Be5 {[%clk 0:07:18]} 25. Rxd3 {[%clk 0:38:46]} g6
{[%clk 0:07:37]} 26. h3 {[%clk 0:37:09]} Kg7 {[%clk 0:07:57]} 27. Kf2
{[%clk 0:37:33]} Rb8 {[%clk 0:06:42]} 28. Rfd1 {[%clk 0:34:57]} a5
{[%clk 0:05:47]} 29. R1d2 {[%clk 0:34:57]} Bf4 {[%clk 0:02:27]} 30. Re2
{[%clk 0:35:21]} f6 {[%clk 0:02:35]} 31. g3 {[%clk 0:35:27]} Be5 {[%clk 0:02:59]}
32. Red2 {[%clk 0:35:52]} Kh6 {[%clk 0:02:12]} 33. Bb3 {[%clk 0:34:48]} Rcb7
{[%clk 0:00:46]} 34. Kf3 {[%clk 0:34:56]} Ra7 {[%clk 0:00:52]} 35. h4
{[%clk 0:30:22]} Rc7 {[%clk 0:01:20]} 36. Be6 {[%clk 0:26:27]} Rc6
{[%clk 0:00:38]} 37. Bd5 {[%clk 0:24:12]} Rc7 {[%clk 0:01:07]} 38. Kg2
{[%clk 0:24:36]} Ra7 {[%clk 0:01:10]} 39. Bb3 {[%clk 0:24:27]} Rab7
{[%clk 0:00:50]} 40. Kh3 {[%clk 0:53:58]} Rc7 {[%clk 0:31:01]} 41. Bd5
{[%clk 0:52:47]} Rd7 {[%clk 0:26:26]} 42. Be6 {[%clk 0:46:59]} Rxd3
{[%clk 0:23:23]} 43. Rxd3 {[%clk 0:46:39]} b4 {[%clk 0:23:43]} 44. cxb4
{[%clk 0:46:30]} axb4 {[%clk 0:24:07]} 45. Rb3 {[%clk 0:45:44]} bxa3
{[%clk 0:23:46]} 46. Rxb8 {[%clk 0:45:14]} Bxb8 {[%clk 0:23:40]} 47. bxa3
{[%clk 0:45:40]} g5 {[%clk 0:23:01]} 48. a4 {[%clk 0:46:05]} Bc7 {[%clk 0:23:29]}
49. g4 {[%clk 0:45:41]} hxg4+ {[%clk 0:22:40]} 50. Kxg4 {[%clk 0:45:59]} gxh4
{[%clk 0:23:06]} 51. Kxh4 {[%clk 0:46:23]} Kg7 {[%clk 0:23:23]} 1/2-1/2

[Event "WCO 2016"]
[Site "?"]
[Date "2016.09.11"]
[Round "9"]
[Board "10"]
[WhiteID "13504398"]
[White "Kovalev Vladislav"]
[BlackID "613762"]
[Black "Maze Sebastien"]
[Result "1-0"]
[BlackElo "2617"]
[WhiteElo "2599"]
[LiveChessVersion "1.4.8"]

1. e4 {[%clk 1:30:57]} e5 {[%clk 1:28:26]} 2. Nf3 {[%clk 1:31:07]} Nc6
{[%clk 1:28:49]} 3. Bb5 {[%clk 1:30:31]} Nf6 {[%clk 1:28:59]} 4. d3
{[%clk 1:30:56]} d6 {[%clk 1:29:22]} 5. O-O {[%clk 1:25:32]} Be7 {[%clk 1:29:07]}
6. c3 {[%clk 1:23:36]} O-O {[%clk 1:29:31]} 7. Re1 {[%clk 1:22:58]} a6
{[%clk 1:29:32]} 8. Ba4 {[%clk 1:20:06]} b5 {[%clk 1:29:26]} 9. Bc2
{[%clk 1:12:09]} d5 {[%clk 1:29:00]} 10. exd5 {[%clk 1:01:35]} Qxd5
{[%clk 1:24:40]} 11. Nbd2 {[%clk 0:55:47]} Bg4 {[%clk 1:17:02]} 12. Qe2
{[%clk 0:53:05]} Rfe8 {[%clk 0:54:14]} 13. a4 {[%clk 0:50:34]} b4
{[%clk 0:52:41]} 14. Bb3 {[%clk 0:44:52]} Qd7 {[%clk 0:52:07]} 15. a5
{[%clk 0:39:30]} bxc3 {[%clk 0:42:46]} 16. bxc3 {[%clk 0:39:49]} Nd5
{[%clk 0:43:13]} 17. Ne4 {[%clk 0:34:32]} h6 {[%clk 0:38:46]} 18. Bd2 Rab8
{[%clk 0:32:28]} 19. Ba4 {[%clk 0:28:50]} Bf8 {[%clk 0:30:28]} 20. d4
{[%clk 0:23:11]} Bxf3 {[%clk 0:15:10]} 21. Qxf3 {[%clk 0:23:30]} Qe6
{[%clk 0:14:41]} 22. Qd3 {[%clk 0:18:09]} Red8 {[%clk 0:13:46]} 23. Qxa6
{[%clk 0:16:49]} Nxd4 {[%clk 0:14:00]} 24. Qc4 {[%clk 0:14:50]} Nf4
{[%clk 0:12:52]} 25. Qxe6 {[%clk 0:11:39]} Ndxe6 {[%clk 0:13:15]} 26. a6
{[%clk 0:09:36]} f5 {[%clk 0:10:51]} 27. a7 {[%clk 0:07:05]} Ra8 {[%clk 0:11:01]}
28. Bc6 {[%clk 0:05:47]} Rxa7 {[%clk 0:02:58]} 29. Rxa7 {[%clk 0:06:14]} Nd3
{[%clk 0:03:16]} 30. Rea1 {[%clk 0:02:43]} fxe4 {[%clk 0:03:35]} 31. Be3
{[%clk 0:03:09]} Ndf4 {[%clk 0:02:47]} 32. Kf1 {[%clk 0:01:11]} Nd5
{[%clk 0:02:48]} 33. c4 {[%clk 0:01:05]} Nf6 {[%clk 0:01:22]} 34. Ra8
{[%clk 0:01:05]} Rd3 {[%clk 0:01:26]} 35. Rc8 {[%clk 0:00:47]} Kf7
{[%clk 0:01:22]} 36. h3 {[%clk 0:00:45]} Bd6 {[%clk 0:00:48]} 37. Ba4
{[%clk 0:00:49]} Rc3 {[%clk 0:00:52]} 38. Rc1 {[%clk 0:00:41]} Ra3
{[%clk 0:01:10]} 39. Bc6 {[%clk 0:00:45]} Ra6 {[%clk 0:01:08]} 40. Bb7
{[%clk 0:30:58]} Ra5 {[%clk 0:30:58]} 41. Ra8 {[%clk 0:27:13]} Rxa8
{[%clk 0:29:02]} 42. Bxa8 {[%clk 0:27:41]} Nc5 {[%clk 0:29:05]} 43. Bxc5
{[%clk 0:19:05]} Bxc5 {[%clk 0:29:10]} 44. Re1 {[%clk 0:19:30]} e3
{[%clk 0:29:23]} 45. fxe3 {[%clk 0:19:55]} Ke7 {[%clk 0:24:30]} 46. Ke2
{[%clk 0:19:54]} Bb6 {[%clk 0:23:54]} 47. Rd1 {[%clk 0:19:30]} Bc5
{[%clk 0:23:59]} 48. Kf3 {[%clk 0:19:30]} g5 {[%clk 0:23:33]} 49. Be4
{[%clk 0:18:23]} Bd6 {[%clk 0:19:15]} 50. Bf5 {[%clk 0:18:38]} Kf7
{[%clk 0:19:33]} 51. Rb1 {[%clk 0:18:47]} h5 {[%clk 0:19:25]} 52. Rb5
{[%clk 0:17:49]} g4+ {[%clk 0:17:57]} 53. hxg4 {[%clk 0:18:08]} hxg4+
{[%clk 0:18:23]} 54. Ke2 {[%clk 0:16:09]} e4 {[%clk 0:18:17]} 1-0

[Event "WCO 2016"]
[Site "?"]
[Date "2016.09.11"]
[Round "9"]
[Board "11"]
[WhiteID "608742"]
[White "Fressinet Laurent"]
[BlackID "13503758"]
[Black "Stupak Kirill"]
[Result "1-0"]
[BlackElo "2561"]
[WhiteElo "2664"]
[LiveChessVersion "1.4.8"]

1. d4 {[%clk 1:30:16]} Nf6 {[%clk 1:30:19]} 2. c4 {[%clk 1:30:39]} e6
{[%clk 1:30:41]} 3. Nf3 {[%clk 1:30:50]} d5 {[%clk 1:28:02]} 4. Nc3
{[%clk 1:31:13]} Nbd7 {[%clk 1:27:26]} 5. Bg5 {[%clk 1:30:20]} Be7
{[%clk 1:21:25]} 6. e3 {[%clk 1:30:23]} h6 {[%clk 1:21:41]} 7. Bh4
{[%clk 1:30:11]} O-O {[%clk 1:16:46]} 8. Rc1 {[%clk 1:27:26]} c6 {[%clk 1:13:28]}
9. Bd3 {[%clk 1:25:10]} b6 {[%clk 1:09:36]} 10. O-O {[%clk 1:22:12]} Bb7
{[%clk 1:09:49]} 11. cxd5 {[%clk 1:15:22]} Nxd5 {[%clk 0:57:17]} 12. Bxe7
{[%clk 1:13:27]} Qxe7 {[%clk 0:55:27]} 13. Nxd5 {[%clk 1:06:19]} exd5
{[%clk 0:55:32]} 14. Qe2 {[%clk 1:05:23]} a6 {[%clk 0:44:23]} 15. e4
{[%clk 0:54:46]} dxe4 {[%clk 0:37:23]} 16. Qxe4 {[%clk 0:50:18]} Qxe4
{[%clk 0:37:45]} 17. Bxe4 {[%clk 0:50:44]} Rac8 {[%clk 0:38:04]} 18. Nd2
{[%clk 0:44:12]} Nf6 {[%clk 0:26:51]} 19. Bf3 {[%clk 0:43:13]} Rfd8
{[%clk 0:26:16]} 20. Nc4 {[%clk 0:41:59]} Rxd4 {[%clk 0:26:31]} 21. Nxb6
{[%clk 0:42:16]} Rb8 {[%clk 0:26:43]} 22. Rfd1 {[%clk 0:37:41]} Rxd1+
{[%clk 0:14:16]} 23. Bxd1 {[%clk 0:30:54]} Kf8 {[%clk 0:14:25]} 24. Bb3
{[%clk 0:28:39]} Rd8 {[%clk 0:13:17]} 25. f3 {[%clk 0:26:23]} Rd4
{[%clk 0:09:01]} 26. Nc4 {[%clk 0:21:59]} Rd5 {[%clk 0:09:30]} 27. Kf2
{[%clk 0:17:03]} a5 {[%clk 0:09:19]} 28. Rd1 {[%clk 0:15:34]} Rc5
{[%clk 0:07:50]} 29. Nd6 {[%clk 0:12:21]} Ba6 {[%clk 0:08:19]} 30. Re1
{[%clk 0:06:29]} a4 {[%clk 0:03:00]} 31. Bxa4 {[%clk 0:06:22]} Rd5
{[%clk 0:03:30]} 32. Rd1 {[%clk 0:05:40]} Bd3 {[%clk 0:03:56]} 33. Nb7
{[%clk 0:04:48]} Bb5 {[%clk 0:03:56]} 34. Rxd5 {[%clk 0:04:35]} Nxd5
{[%clk 0:04:25]} 35. Bb3 {[%clk 0:04:07]} Nf4 {[%clk 0:01:07]} 36. Nc5
{[%clk 0:04:24]} 1-0

[Event "WCO 2016"]
[Site "?"]
[Date "2016.09.11"]
[Round "9"]
[Board "12"]
[WhiteID "13500139"]
[White "Aleksandrov Aleksej"]
[BlackID "603767"]
[Black "Bauer Christian"]
[Result "1/2-1/2"]
[BlackElo "2623"]
[WhiteElo "2547"]
[LiveChessVersion "1.4.8"]

1. d4 {[%clk 1:30:54]} a6 {[%clk 1:30:34]} 2. Nf3 {[%clk 1:13:11]} e6
{[%clk 1:29:46]} 3. Bg5 {[%clk 1:07:04]} Be7 {[%clk 1:20:39]} 4. Bxe7
{[%clk 1:05:38]} Qxe7 {[%clk 1:20:10]} 5. Nbd2 {[%clk 0:59:58]} d6
{[%clk 1:18:07]} 6. e4 {[%clk 0:59:52]} e5 {[%clk 1:16:44]} 7. c3
{[%clk 0:50:27]} Nf6 {[%clk 1:15:39]} 8. Bd3 {[%clk 0:50:50]} O-O
{[%clk 1:11:33]} 9. O-O {[%clk 0:47:18]} Nc6 {[%clk 1:06:56]} 10. Re1
{[%clk 0:45:29]} Bg4 {[%clk 1:00:56]} 11. h3 {[%clk 0:45:18]} Bh5
{[%clk 1:00:29]} 12. Qb3 {[%clk 0:42:45]} Nd8 {[%clk 0:41:21]} 13. a4
{[%clk 0:33:38]} a5 {[%clk 0:36:20]} 14. Nh4 {[%clk 0:32:27]} Nd7
{[%clk 0:26:03]} 15. Nf5 {[%clk 0:28:28]} Qf6 {[%clk 0:18:15]} 16. Nc4
{[%clk 0:14:54]} Ne6 {[%clk 0:12:25]} 17. Qxb7 {[%clk 0:05:07]} exd4
{[%clk 0:06:39]} 18. cxd4 {[%clk 0:05:31]} Nxd4 {[%clk 0:03:27]} 19. Qxc7
{[%clk 0:05:40]} Nc5 {[%clk 0:03:08]} 20. Bf1 {[%clk 0:04:54]} Nce6
{[%clk 0:00:36]} 21. Qxd6 {[%clk 0:01:19]} Nc2 {[%clk 0:01:05]} 22. Ne7+
{[%clk 0:01:23]} Kh8 {[%clk 0:01:33]} 23. Nd5 {[%clk 0:01:36]} Qd4
{[%clk 0:01:19]} 24. Ndb6 {[%clk 0:01:33]} Qxd6 {[%clk 0:00:57]} 25. Nxd6
{[%clk 0:02:01]} Rad8 {[%clk 0:01:15]} 26. Ndc4 {[%clk 0:01:51]} Rd4
{[%clk 0:00:39]} 27. Nxa5 {[%clk 0:01:10]} Nxa1 {[%clk 0:00:33]} 28. Rxa1
{[%clk 0:01:36]} Rxe4 {[%clk 0:00:53]} 29. Nc6 {[%clk 0:01:43]} Nc5
{[%clk 0:00:57]} 30. a5 {[%clk 0:01:02]} Nb3 {[%clk 0:00:50]} 31. Ra3
{[%clk 0:01:12]} Re1 {[%clk 0:00:42]} 32. a6 {[%clk 0:01:08]} Nd2
{[%clk 0:00:54]} 33. a7 {[%clk 0:01:18]} Nxf1 {[%clk 0:00:41]} 34. g4
{[%clk 0:01:38]} Nd2+ {[%clk 0:00:33]} 35. Kh2 {[%clk 0:00:59]} Bg6
{[%clk 0:00:57]} 36. a8=Q {[%clk 0:01:19]} Rfe8 {[%clk 0:00:48]} 37. Qa5
{[%clk 0:01:07]} Nf1+ {[%clk 0:01:04]} 38. Kg1 {[%clk 0:01:05]} Nd2+
{[%clk 0:00:43]} 39. Kh2 {[%clk 0:01:10]} Nf1+ {[%clk 0:01:06]} 40. Kg1
{[%clk 0:31:04]} Nd2+ {[%clk 0:31:10]} 1/2-1/2

[Event "WCO 2016"]
[Site "?"]
[Date "2016.09.11"]
[Round "9"]
[Board "13"]
[WhiteID "1610856"]
[White "Ragger Markus"]
[BlackID "2205530"]
[Black "Vallejo Pons Francisco"]
[Result "1/2-1/2"]
[BlackElo "2716"]
[WhiteElo "2697"]
[LiveChessVersion "1.4.8"]

1. d4 {[%clk 1:30:57]} e6 {[%clk 1:30:51]} 2. c4 {[%clk 1:31:25]} f5
{[%clk 1:31:13]} 3. g3 {[%clk 1:31:43]} Nf6 {[%clk 1:31:35]} 4. Bg2
{[%clk 1:32:10]} d5 {[%clk 1:31:45]} 5. Nh3 {[%clk 1:32:08]} Bd6 {[%clk 1:32:08]}
6. O-O {[%clk 1:32:17]} O-O {[%clk 1:32:32]} 7. Bf4 {[%clk 1:32:39]} Be7
{[%clk 1:32:01]} 8. Nd2 {[%clk 1:32:42]} Nc6 {[%clk 1:29:58]} 9. cxd5
{[%clk 1:23:28]} Nxd5 {[%clk 1:23:51]} 10. Nb3 {[%clk 1:18:24]} Bf6
{[%clk 1:15:49]} 11. Bc1 {[%clk 1:10:58]} a5 {[%clk 1:14:45]} 12. e3
{[%clk 1:09:27]} b6 {[%clk 1:08:24]} 13. Nf4 {[%clk 1:07:28]} Qd7
{[%clk 1:02:34]} 14. Bd2 {[%clk 0:57:57]} Ba6 {[%clk 0:58:46]} 15. Re1
{[%clk 0:58:03]} Nxf4 {[%clk 0:55:30]} 16. gxf4 {[%clk 0:57:31]} Rac8
{[%clk 0:54:53]} 17. Rc1 {[%clk 0:52:12]} Ne7 {[%clk 0:54:10]} 18. Bc3
{[%clk 0:50:18]} Ng6 {[%clk 0:38:40]} 19. Nd2 {[%clk 0:45:14]} Nh4
{[%clk 0:38:38]} 20. Bh1 {[%clk 0:45:04]} Kh8 {[%clk 0:33:11]} 21. Nf3
{[%clk 0:40:46]} Qe8 {[%clk 0:30:10]} 22. h3 {[%clk 0:35:55]} Rg8
{[%clk 0:24:21]} 23. Kh2 {[%clk 0:33:39]} Bc4 {[%clk 0:20:53]} 24. Bxa5
{[%clk 0:23:05]} Bxa2 {[%clk 0:21:00]} 25. Bb4 {[%clk 0:23:27]} Qb5
{[%clk 0:18:18]} 26. Ba3 {[%clk 0:19:22]} Bd5 {[%clk 0:18:22]} 27. Nxh4
{[%clk 0:18:16]} Bxh4 {[%clk 0:18:40]} 28. Re2 {[%clk 0:17:50]} Bxh1
{[%clk 0:13:35]} 29. Kxh1 {[%clk 0:18:09]} Qd5+ {[%clk 0:14:02]} 30. Kh2
{[%clk 0:18:14]} g5 {[%clk 0:06:02]} 1/2-1/2